| 000 | 00899cad a22001935a 4500 | ||
|---|---|---|---|
| 001 | L140650 | ||
| 008 | 071003e20070925xxk f 000 0 eng d | ||
| 035 | _a(Sirsi) u140650 | ||
| 041 | 0 | _aeng | |
| 100 | 1 | _aAsh, Robert | |
| 245 | 0 | 0 |
_aRICS code of measuring practice _bsixth edition _h[electronic resource] |
| 260 | _c2007 | ||
| 490 |
_aRICS Feature _v25 September 2007 |
||
| 520 | _aProvides an overview of the key differences between the sixth edition of the RICS "Code of measuring practice" (L139644) and the fifth edition. The changes cover: accuracy; usable definition; full height glazing; ramps, sloping areas and steps within usable areas; partition walls; corridors and circulation areas; heating/ventilation units; and net sales area (residential). | ||
| 590 | _aKA | ||
| 650 | 2 | 4 | _aRICS CODE OF MEASURING PRACTICE |
| 690 | _aPROPERTY-PROPERTY APPRAISAL AND VALUATION | ||
| 942 | _n0 | ||
| 999 |
_c79315 _d79315 |
||